Los jóvenes están en... Libertad condicional: entrevista a Ana Inés Bertarelli /

সংরক্ষণ করুন:
গ্রন্থ-পঞ্জীর বিবরন
প্রধান লেখক: Marengo, Ema B.
বিন্যাস: পাঠ‍্য
বিষয়গুলি:
ট্যাগগুলো: ট্যাগ যুক্ত করুন
কোনো ট্যাগ নেই, প্রথমজন হিসাবে ট্যাগ করুন!

MARC

LEADER 00000 a a2200000 04500
001 4868
003
040
100 |a Marengo, Ema B.  
245 |a Los jóvenes están en... Libertad condicional:   |b entrevista a Ana Inés Bertarelli /  |c Ema B. Marengo 
650 |a JUVENTUD  
650 |a VIOLENCIA  
650 |a EXCLUSION SOCIAL  
650 |a GENERO  
773 |g volumen 3, número 17 -18; páginas 38-43  
999 |c 24737  |d 24737